Uebersicht der wichtistgen Schriften von und über Goethe (Record no. 156991)
[ view plain ]
| 000 -LEADER | |
|---|---|
| campo de control de longitud fija | 00763nam a2200181 i 4500 |
| 001 - NÚMERO DE CONTROL | |
| campo de control | 156991 |
| 003 - IDENTIFICADOR DE NÚMERO DE CONTROL | |
| campo de control | ES-MaACL |
| 005 - FECHA Y HORA DE LA ÚLTIMA TRANSACCIÓN | |
| campo de control | 20230906210542.0 |
| 008 - DATOS DE LONGITUD FIJA--INFORMACIÓN GENERAL | |
| campo de control de longitud fija | 040805s1857 gw |||| |dger d |
| 040 ## - FUENTE DE CATALOGACIÓN | |
| Centro catalogador/agencia de origen | CAM |
| Lengua de catalogación | spa |
| Centro/agencia transcriptor | CAM |
| 100 1# - ENTRADA PRINCIPAL--NOMBRE DE PERSONA | |
| Nombre de persona | Lancizolle, Ludwig von. |
| 9 (RLIN) | 128651 |
| 245 10 - MENCIÓN DEL TÍTULO | |
| Título | Uebersicht der wichtistgen Schriften von und über Goethe |
| Resto del título | : nmit Rücksicht auf sein Leben / |
| Mención de responsabilidad, etc. | von Ludwig von Lancizolle. |
| 260 ## - PUBLICACIÓN, DISTRIBUCIÓN, ETC. | |
| Lugar de publicación, distribución, etc. | Berlin : |
| Nombre del editor, distribuidor, etc. | Verlag der Nikolaischen Buchhandlung, |
| Fecha de publicación, distribución, etc. | 1857. |
| 300 ## - DESCRIPCIÓN FÍSICA | |
| Extensión | 55, [2] p., [1] h. pleg. ; |
| Dimensiones | 22 cm. |
| 600 14 - PUNTO DE ACCESO ADICIONAL DE MATERIA--NOMBRE DE PERSONA | |
| Nombre de persona | Goethe, Johann Wolfgang von, |
| Fechas asociadas al nombre | 1749-1832- |
| Subdivisión general | Crítica e interpretación |
| 9 (RLIN) | 57571 |
| 852 ## - LOCALIZACIÓN | |
| Ubicación | ES-MaACL |
| Número de control de estantería | T-864-F-4 |
| Nota libre | - Enc. hol., conservando la cub. original |
| -- | - Enc. en un vol. facticio |
| Estatus retirado | Estado de pérdida | Estado de daño | No para préstamo | Colección | Biblioteca de origen | Biblioteca actual | Ubicación en estantería | Fecha de adquisición | Total de préstamos | Signatura topográfica completa | Código de barras | Visto por última vez | Precio de reemplazo | Tipo de ítem Koha |
|---|---|---|---|---|---|---|---|---|---|---|---|---|---|---|
| Colección de folletos | Biblioteca del Ateneo de Madrid | Biblioteca del Ateneo de Madrid | Depósito folletos | 17/01/2008 | T-864-F-4 | 1164257 | 23/02/2023 | 23/02/2023 | Folleto |
